[Event "?"]
[Site "?"]
[Date "????.??.??"]
[Round "?"]
[White "Korman, U."]
[Black "Lenk, W."]
[Result "0-1"]
[WhiteElo "2150"]
[BlackElo "2203"]
[PlyCount "58"]
[EventDate "2013.??.??"]
[WhiteTeam "Schweden 2"]
[BlackTeam "Deutschland B"]

1. e4 d6 2. d4 Nf6 3. Nc3 g6 4. f4 Bg7 5. Bd3 Nc6 6. Nf3 Bg4 7. Be3 O-O 8. h3
Bxf3 9. Qxf3 Nb4 10. Rd1 c6 11. O-O Nxd3 12. Rxd3 Qb6 13. Rb1 Nd7 14. f5 a6 15.
Kh1 Qc7 16. Qg3 b5 17. Qh4 b4 18. Ne2 Nf6 19. Ng3 Qa5 20. Ra1 Rad8 21. Bh6 Qc7
22. Re1 Bxh6 23. Qxh6 c5 24. e5 dxe5 25. dxe5 Rxd3 26. cxd3 Nd7 27. Nh5 gxh5
28. f6 exf6 29. exf6 Qg3 0-1

[Event "?"]
[Site "?"]
[Date "????.??.??"]
[Round "?"]
[White "Glasewald, S."]
[Black "Kwatschewsky, L."]
[Result "1/2-1/2"]
[WhiteElo "2075"]
[BlackElo "2205"]
[PlyCount "34"]
[EventDate "2013.??.??"]
[WhiteTeam "Dresden-Striesen 1990"]
[BlackTeam "Österreich"]

1. d4 d5 2. Nc3 Bf5 3. f3 e6 4. e4 Bg6 5. Bd3 Bb4 6. exd5 Qxd5 7. Nge2 Nc6 8.
O-O Qd7 9. Bxg6 hxg6 10. d5 exd5 11. Qxd5 O-O-O 12. Qxd7+ Rxd7 13. Be3 Nf6 14.
Rad1 Bd6 15. g3 a6 16. Kg2 Re7 17. Bg5 Rd7 1/2-1/2

[Event "?"]
[Site "?"]
[Date "????.??.??"]
[Round "?"]
[White "Woeber, F."]
[Black "Deppe, C."]
[Result "1-0"]
[WhiteElo "2192"]
[BlackElo "1863"]
[PlyCount "69"]
[EventDate "2013.??.??"]
[WhiteTeam "Österreich"]
[BlackTeam "Dresden-Striesen 1990"]

1. e4 c5 2. d4 cxd4 3. c3 Nf6 4. e5 Nd5 5. Nf3 e6 6. cxd4 Be7 7. Nc3 Nxc3 8.
bxc3 d5 9. exd6 Qxd6 10. Bd3 Nc6 11. O-O O-O 12. Re1 Re8 13. Rb1 a6 14. a4 Qc7
15. Ng5 Bxg5 16. Bxg5 Ne7 17. Qf3 Ng6 18. h4 f6 19. Bd2 Re7 20. h5 Nf8 21. h6
Rf7 22. hxg7 Kxg7 23. Qh5 Ng6 24. Qh6+ Kg8 25. Bxg6 hxg6 26. Qxg6+ Rg7 27. Qe8+
Kh7 28. Re4 Qf7 29. Rh4+ Kg6 30. Rh6+ Kf5 31. Qd8 b5 32. f3 e5 33. d5 e4 34.
Qd6 Qa7+ 35. Kf1 1-0

[Event "?"]
[Site "?"]
[Date "????.??.??"]
[Round "?"]
[White "Ashby, A."]
[Black "Strobel, F."]
[Result "1-0"]
[WhiteElo "2116"]
[BlackElo "2099"]
[PlyCount "41"]
[EventDate "2013.??.??"]
[WhiteTeam "England 2"]
[BlackTeam "Wien"]

1. e4 d6 2. d4 Nf6 3. f3 c6 4. c4 g6 5. Nc3 Bg7 6. Be3 Nbd7 7. Bd3 e5 8. d5 O-O
9. Nce2 Nh5 10. g4 Nf4 11. Nxf4 exf4 12. Bxf4 Ne5 13. Be2 f5 14. gxf5 gxf5 15.
Qd2 Qh4+ 16. Bg3 Qh6 17. f4 Qg6 18. O-O-O c5 19. Kb1 Kh8 20. Bf1 fxe4 21. Ne2
1-0

[Event "?"]
[Site "?"]
[Date "????.??.??"]
[Round "?"]
[White "Groß, W."]
[Black "Sandklef, A."]
[Result "0-1"]
[WhiteElo "2223"]
[BlackElo "1975"]
[PlyCount "104"]
[EventDate "2013.??.??"]
[WhiteTeam "Mattadore Rheinld"]
[BlackTeam "Schweden 4"]

1. Nf3 Nf6 2. c4 e6 3. Nc3 d5 4. e3 c6 5. b3 Be7 6. Qc2 Nbd7 7. Bb2 a6 8. d3 b5
9. g3 Bb7 10. Bg2 Rc8 11. O-O O-O 12. Rfe1 bxc4 13. bxc4 c5 14. e4 d4 15. Ne2
e5 16. Rab1 Bc6 17. Nh4 g6 18. Bc1 Ne8 19. Bh6 Ng7 20. Nf3 Qc7 21. Bh3 f5 22.
Ng5 Bxg5 23. Bxg5 fxe4 24. dxe4 Rb8 25. Rxb8 Rxb8 26. Rb1 Rxb1+ 27. Qxb1 Nb6
28. f4 Nxc4 29. fxe5 Nxe5 30. Bf4 Nh5 31. Bh6 Qb7 32. Qf1 Qe7 33. Be6+ Nf7 34.
Bc4 Bxe4 35. g4 Nf6 36. Qf4 Bc6 37. h3 Qe4 38. Qxe4 Nxe4 39. Bf4 Ned6 40. Bxa6
Kf8 41. Kf2 Ke7 42. Bd3 Ke6 43. Bh2 Ne5 44. Nf4+ Ke7 45. Bb1 Ne4+ 46. Bxe4 Bxe4
47. Bg3 g5 48. Ne2 Ke6 49. Nc1 c4 50. Kf1 d3 51. Ke1 Nf3+ 52. Kd1 Bc6 0-1

[Event "?"]
[Site "?"]
[Date "????.??.??"]
[Round "?"]
[White "Nordenstrom, S."]
[Black "Kurka, D."]
[Result "0-1"]
[WhiteElo "1929"]
[BlackElo "2069"]
[PlyCount "116"]
[EventDate "2013.??.??"]
[WhiteTeam "Schweden 4"]
[BlackTeam "Mattadore Rheinld"]

1. Nf3 d5 2. d4 Nf6 3. Bf4 c5 4. c3 Nc6 5. e3 Qd6 6. Qc1 Bf5 7. dxc5 Qxc5 8.
Nd4 Bg6 9. Nxc6 Qxc6 10. Na3 a6 11. h3 e6 12. Nc2 Be7 13. Nd4 Qb6 14. Be2 O-O
15. O-O Nd7 16. Nf3 Nc5 17. Rd1 Rfd8 18. Ne5 Be4 19. Nd3 Nd7 20. Ne5 Nf6 21.
Bd3 Rac8 22. Ng4 Bxd3 23. Rxd3 Ne4 24. Qc2 f6 25. Re1 e5 26. Bg3 Nc5 27. Rd2 e4
28. Ree2 Nd3 29. Rxd3 exd3 30. Qxd3 Qe6 31. Nh2 Qe4 32. Qd1 Qc4 33. a3 b5 34.
Rd2 Bc5 35. Nf3 a5 36. Rd3 Rd7 37. Nd4 Bxd4 38. Rxd4 Qc6 39. Qh5 Qe6 40. Qd1
Rc4 41. Qd2 Rxd4 42. Qxd4 Qc6 43. Qg4 Rd8 44. Qd4 Qc4 45. Qd2 Rd7 46. Kh2 Rb7
47. f3 b4 48. axb4 axb4 49. cxb4 Rxb4 50. Bd6 Rb3 51. Ba3 h5 52. Qa5 Rxe3 53.
Qd8+ Kh7 54. Qd7 Qf4+ 55. Kg1 Re1+ 56. Kf2 Qe3+ 57. Kg3 h4+ 58. Kxh4 Qg5# 0-1

[Event "?"]
[Site "?"]
[Date "????.??.??"]
[Round "?"]
[White "Thieme, H."]
[Black "Poulsen, H."]
[Result "1/2-1/2"]
[WhiteElo "2084"]
[BlackElo "1853"]
[PlyCount "102"]
[EventDate "2013.??.??"]
[WhiteTeam "Hessen 2"]
[BlackTeam "Dänemark 2"]

1. e4 c6 2. d4 d5 3. Nc3 dxe4 4. Nxe4 Bf5 5. Ng3 Bg6 6. Nh3 e6 7. Nf4 Bd6 8.
Ngh5 Bf8 9. Ng3 Bd6 10. c3 Nf6 11. Nxg6 hxg6 12. Qf3 Nbd7 13. Bc4 Nb6 14. Bb3
Qc7 15. Bg5 Be7 16. c4 O-O-O 17. O-O-O c5 18. dxc5 Qxc5 19. Be3 Rxd1+ 20. Rxd1
Qc6 21. Qxc6+ bxc6 22. h3 Rd8 23. a4 Rxd1+ 24. Kxd1 c5 25. Ke2 Kc7 26. Kd3 Nbd7
27. Ba2 Ne5+ 28. Ke2 Nc6 29. b3 Nb4 30. Bb1 Nc6 31. Kd2 e5 32. Bc2 Nd4 33. Ne2
Nxe2 34. Kxe2 a6 35. f4 exf4 36. Bxf4+ Bd6 37. Be3 Nd7 38. g4 Ne5 39. Bf2 f6
40. Ke3 Kd7 41. Be1 g5 42. Be4 Nc6 43. Bxc6+ Kxc6 44. Ke4 g6 45. h4 gxh4 46.
Bxh4 f5+ 47. gxf5 gxf5+ 48. Kxf5 Bh2 49. Ke6 Bf4 50. Bf6 Bd2 51. Be7 Ba5
1/2-1/2

[Event "?"]
[Site "?"]
[Date "????.??.??"]
[Round "?"]
[White "Thygesen, E."]
[Black "Biller, H."]
[Result "1/2-1/2"]
[WhiteElo "2105"]
[BlackElo "2098"]
[PlyCount "27"]
[EventDate "2013.??.??"]
[WhiteTeam "Dänemark 2"]
[BlackTeam "Hessen 2"]

1. d4 Nf6 2. c4 e6 3. Nc3 Bb4 4. Bg5 h6 5. Bh4 c5 6. d5 b5 7. f3 bxc4 8. e4
exd5 9. exd5 O-O 10. Bxc4 d6 11. Nge2 Bf5 12. Bd3 Bxd3 13. Qxd3 Re8 14. f4
1/2-1/2

[Event "?"]
[Site "?"]
[Date "????.??.??"]
[Round "?"]
[White "Staudte, R."]
[Black "Strauss, P."]
[Result "1-0"]
[WhiteElo "1919"]
[BlackElo "1800"]
[PlyCount "127"]
[EventDate "2013.??.??"]
[WhiteTeam "USG Chemnitz"]
[BlackTeam "BSW/DBAG 3"]

1. d4 Nf6 2. c4 g6 3. Nc3 d5 4. Nf3 Bg7 5. cxd5 Nxd5 6. e4 Nxc3 7. bxc3 O-O 8.
Rb1 c5 9. Be2 cxd4 10. cxd4 Qa5+ 11. Qd2 Qxd2+ 12. Bxd2 e6 13. O-O b6 14. Rfd1
Bb7 15. e5 Bd5 16. a3 Nc6 17. Rbc1 Rac8 18. Ba6 Rb8 19. Bb4 Nxb4 20. axb4 Rfd8
21. b5 h6 22. Kf1 f6 23. exf6 Bxf6 24. Ne5 Bxe5 25. dxe5 Rf8 26. Rc7 Rf7 27.
Rdc1 Rbf8 28. f3 g5 29. Rxf7 Rxf7 30. h3 h5 31. Ke2 Kg7 32. Rc3 h4 33. Kf2 Kg6
34. g3 hxg3+ 35. Kxg3 Kf5 36. Bc8 Kxe5 37. Kg4 Kf6 38. f4 gxf4 39. Kxf4 e5+ 40.
Ke3 Rg7 41. Bg4 Kg5 42. Rc8 Kh4 43. Re8 e4 44. Kd4 Bb7 45. Bf5 Kg3 46. Bxe4
Bxe4 47. Rxe4 Kxh3 48. Re6 Kg4 49. Rf6 Kg5 50. Rf1 Rd7+ 51. Ke5 Kg6 52. Ke6 Rc7
53. Rg1+ Kh7 54. Kd6 Rb7 55. Rc1 Rf7 56. Rc7 Kg6 57. Rxf7 Kxf7 58. Kc6 Ke6 59.
Kb7 Kd7 60. Kxa7 Kc7 61. Ka6 Kc8 62. Kxb6 Kb8 63. Ka6 Ka8 64. b6 1-0

[Event "?"]
[Site "?"]
[Date "????.??.??"]
[Round "?"]
[White "Buck, K."]
[Black "Munninghoff, A."]
[Result "0-1"]
[WhiteElo "1730"]
[BlackElo "1945"]
[PlyCount "52"]
[EventDate "2013.??.??"]
[WhiteTeam "Störtebeker"]
[BlackTeam "Niederlande"]

1. b4 e5 2. a3 d5 3. Bb2 f6 4. e3 Bd6 5. Nf3 Nh6 6. h3 Be6 7. d3 O-O 8. c4 c6
9. Nbd2 a5 10. b5 cxb5 11. cxb5 Qb6 12. a4 Nd7 13. Be2 Nf5 14. Nb3 Nc5 15. d4
Nxb3 16. Qxb3 Bb4+ 17. Bc3 exd4 18. Bxb4 dxe3 19. fxe3 axb4 20. Kf2 d4 21. Bc4
dxe3+ 22. Ke1 Bxc4 23. Qxc4+ Kh8 24. Qf4 Qc5 25. g3 Qc3+ 26. Ke2 Qc2+ 0-1

[Event "?"]
[Site "?"]
[Date "????.??.??"]
[Round "?"]
[White "Heinig, J."]
[Black "Theting, H."]
[Result "1/2-1/2"]
[WhiteElo "1828"]
[BlackElo "1990"]
[PlyCount "51"]
[EventDate "2013.??.??"]
[WhiteTeam "SV Bannewitz"]
[BlackTeam "Norwegen 2"]

1. d4 g6 2. g3 Bg7 3. Bg2 d6 4. e4 Nc6 5. c3 e5 6. d5 Nce7 7. Ne2 Nh6 8. O-O
O-O 9. c4 f5 10. Nbc3 Nf7 11. f3 g5 12. Bd2 f4 13. g4 Ng6 14. Be1 Nh4 15. h3
Bd7 16. Qd3 h5 17. Bxh4 gxh4 18. Rf2 hxg4 19. fxg4 Ng5 20. Kh2 Rf7 21. Ng1 Qe7
22. Nce2 c6 23. Nf3 cxd5 24. cxd5 Nxf3+ 25. Bxf3 Rc8 26. Nc3 1/2-1/2

[Event "?"]
[Site "?"]
[Date "????.??.??"]
[Round "?"]
[White "Melkeraaen, T."]
[Black "Köhn, W."]
[Result "1-0"]
[WhiteElo "1950"]
[BlackElo "1531"]
[PlyCount "57"]
[EventDate "2013.??.??"]
[WhiteTeam "Norwegen 2"]
[BlackTeam "SV Bannewitz"]

1. d4 Nf6 2. c4 e6 3. Nc3 Bb4 4. Qc2 c5 5. e3 b6 6. Be2 Bb7 7. Bf3 Bxf3 8. Nxf3
O-O 9. O-O Bxc3 10. Qxc3 d5 11. dxc5 bxc5 12. b3 Nbd7 13. Bb2 Qc7 14. cxd5 exd5
15. b4 Rac8 16. Rfc1 Qb7 17. bxc5 Rxc5 18. Qd2 Rfc8 19. Rxc5 Rxc5 20. Bd4 Rc4
21. h3 h6 22. Qa5 a6 23. Qd8+ Kh7 24. Qe7 Qc7 25. Qxf7 Rc1+ 26. Rxc1 Qxc1+ 27.
Kh2 Qc2 28. Nh4 Qxf2 29. Qg6+ 1-0

[Event "?"]
[Site "?"]
[Date "????.??.??"]
[Round "?"]
[White "Gafke, M."]
[Black "Wendrich, F."]
[Result "0-1"]
[WhiteElo "1887"]
[BlackElo "1958"]
[PlyCount "50"]
[EventDate "2013.??.??"]
[WhiteTeam "BSW/DBAG 4"]
[BlackTeam "Dresdner Springer"]

1. d4 d5 2. Bf4 c5 3. dxc5 Nc6 4. c3 e5 5. Bg3 Bxc5 6. e3 Nf6 7. Nf3 Bg4 8. Be2
Qe7 9. Nbd2 Rd8 10. Nb3 Bb6 11. Qc2 O-O 12. Rd1 Ne4 13. O-O h5 14. h3 Nxg3 15.
fxg3 Bxe3+ 16. Kh2 Bc8 17. Qd3 Bb6 18. Qd2 e4 19. Nfd4 Qd6 20. Nxc6 bxc6 21.
Nd4 c5 22. Nc2 h4 23. Ne3 Qe5 24. Qe1 Qg5 25. Qd2 Qxg3+ 0-1

[Event "?"]
[Site "?"]
[Date "????.??.??"]
[Round "?"]
[White "Weichelt, S."]
[Black "Nagorni, W."]
[Result "1/2-1/2"]
[WhiteElo "1649"]
[BlackElo "2061"]
[PlyCount "61"]
[EventDate "2013.??.??"]
[WhiteTeam "SK Heidenau"]
[BlackTeam "Widukind 2"]

1. e4 c5 2. Nf3 Nc6 3. d4 cxd4 4. Nxd4 g6 5. Nc3 Bg7 6. Be3 Nf6 7. Be2 O-O 8.
O-O d5 9. exd5 Nb4 10. Bf3 Nfxd5 11. Nxd5 Nxd5 12. Bxd5 Qxd5 13. c3 e5 14. Nb3
Qc6 15. f4 b6 16. fxe5 Bb7 17. Qe2 Rae8 18. Qf2 Rxe5 19. Nd4 Qe8 20. Rfe1 f5
21. Nf3 Bxf3 22. gxf3 Qc6 23. Bd4 Rxe1+ 24. Rxe1 Bxd4 25. cxd4 Qd5 26. a3 Rd8
27. Rd1 Kf7 28. Kg2 g5 29. h3 h5 30. Qe3 f4 31. Qe4 1/2-1/2

[Event "?"]
[Site "?"]
[Date "????.??.??"]
[Round "?"]
[White "Perk, E."]
[Black "Kluge, J."]
[Result "1-0"]
[WhiteElo "2008"]
[BlackElo "1438"]
[PlyCount "67"]
[EventDate "2013.??.??"]
[WhiteTeam "Widukind 2"]
[BlackTeam "SK Heidenau"]

1. d4 Nf6 2. c4 e6 3. Nf3 d5 4. Nc3 dxc4 5. e4 Bb4 6. Qc2 O-O 7. Bxc4 b6 8. O-O
Bb7 9. Bd3 Na6 10. Qe2 Nb8 11. Bg5 Be7 12. Rad1 c6 13. Rfe1 Re8 14. Bb1 Ba6 15.
Qc2 g6 16. h3 Bb7 17. Bxf6 Bxf6 18. e5 Be7 19. Ne4 a5 20. a3 Na6 21. Qd2 Kg7
22. Qf4 Nc7 23. Ba2 Nd5 24. Bxd5 cxd5 25. Nd6 Bxd6 26. exd6 Bc6 27. Rc1 Rc8 28.
Ne5 Bd7 29. Qxf7+ Kh8 30. Qxd7 Qxd7 31. Nxd7 Red8 32. Rxc8 Rxc8 33. Ne5 Kg7 34.
d7 1-0

[Event "?"]
[Site "?"]
[Date "????.??.??"]
[Round "?"]
[White "Hentzschel, E."]
[Black "Hanisch, W."]
[Result "1-0"]
[WhiteElo "1903"]
[BlackElo "1211"]
[PlyCount "77"]
[EventDate "2013.??.??"]
[WhiteTeam "Widukind 2"]
[BlackTeam "SK Heidenau"]

1. e4 e6 2. d4 d5 3. Bd3 Nf6 4. Bg5 c5 5. e5 h6 6. Bh4 Ke7 7. exf6+ Ke8 8. fxg7
Qa5+ 9. c3 Bxg7 10. dxc5 Qxc5 11. Ne2 Nd7 12. O-O Ne5 13. Bg3 Ng4 14. Nd4 a6
15. Qxg4 Rg8 16. Be5 Kf8 17. Bxg7+ Rxg7 18. Qf4 Qe7 19. Nf3 h5 20. Nbd2 Kg8 21.
Rae1 Rg4 22. Qe3 b5 23. Ne5 Rg7 24. Qh3 h4 25. Ndf3 f6 26. Ng6 Qf7 27. Qxh4
Rxg6 28. Bxg6 Qxg6 29. Qg3 Kf7 30. Qc7+ Kg8 31. Nd4 e5 32. Nc6 Kh8 33. Ne7 Qg7
34. Qd8+ Kh7 35. Nxc8 a5 36. Re3 Qg4 37. Qe7+ Kg8 38. Nd6 Qh5 39. Rg3+ 1-0

[Event "?"]
[Site "?"]
[Date "????.??.??"]
[Round "?"]
[White "Kundt, G."]
[Black "Rantanen, V."]
[Result "1/2-1/2"]
[WhiteElo "1512"]
[BlackElo "1917"]
[PlyCount "52"]
[EventDate "2013.??.??"]
[WhiteTeam "Rochade MV"]
[BlackTeam "Turku"]

1. d4 Nf6 2. c4 g6 3. Nc3 d5 4. cxd5 Nxd5 5. e4 Nxc3 6. bxc3 c5 7. Bc4 Bg7 8.
Be3 O-O 9. Ne2 Qa5 10. O-O cxd4 11. cxd4 Nc6 12. Rb1 Qd8 13. f3 e6 14. Qd2 b6
15. Rfd1 Bb7 16. Nf4 e5 17. dxe5 Qxd2 18. Rxd2 Nxe5 19. Bd5 Bxd5 20. Rxd5 Rfc8
21. Rbd1 Nc6 22. Rd7 Rd8 23. Rxd8+ Rxd8 24. Nd5 Kf8 25. Rd2 Ne5 26. Rc2 h6
1/2-1/2

[Event "?"]
[Site "?"]
[Date "????.??.??"]
[Round "?"]
[White "Tveten, P."]
[Black "Francke, D."]
[Result "0-1"]
[WhiteElo "1593"]
[BlackElo "1722"]
[PlyCount "108"]
[EventDate "2013.??.??"]
[WhiteTeam "Norwegen 4"]
[BlackTeam "Saxone"]

1. e4 c5 2. c4 d6 3. Nc3 Nf6 4. Nf3 g6 5. d3 Bg7 6. Be2 O-O 7. Bd2 h6 8. Qc1
Kh7 9. h4 Nc6 10. Nd5 Nd7 11. Bc3 e6 12. Bxg7 Kxg7 13. Qc3+ e5 14. Qd2 Nb6 15.
Ne3 f5 16. g3 Nd4 17. Nxd4 exd4 18. Ng2 fxe4 19. dxe4 Be6 20. b3 Qf6 21. O-O
Bh3 22. f3 Nd7 23. Rf2 d3 24. Rd1 dxe2 25. Qxe2 Bxg2 26. Kxg2 Ne5 27. f4 Nc6
28. Qg4 Rad8 29. Rdf1 Kh7 30. f5 Ne5 31. fxg6+ Qxg6 32. Qe2 Rxf2+ 33. Rxf2 Rg8
34. Qe3 Ng4 35. Qf3 Nxf2 36. Kxf2 Rg7 37. h5 Qe6 38. Kg2 Rg4 39. e5 Rg7 40.
exd6 Qxd6 41. Qe4+ Kh8 42. Qe8+ Rg8 43. Qe3 Rd8 44. Kh3 b6 45. Qc3+ Qd4 46. Qc1
Kg7 47. Qe1 Qd7+ 48. Kh4 Re8 49. Qb1 Qe7+ 50. Kh3 Qe4 51. Qa1+ Re5 52. Qd1 Qe2
53. Qd7+ Re7 54. Qf5 Qe6 0-1

[Event "?"]
[Site "?"]
[Date "????.??.??"]
[Round "?"]
[White "Berger, F."]
[Black "Westphal, N."]
[Result "1/2-1/2"]
[WhiteElo "1660"]
[BlackElo "1900"]
[PlyCount "95"]
[EventDate "2013.??.??"]
[WhiteTeam "BSW/DBAG 5"]
[BlackTeam "Chemie Radebeul"]

1. d4 d5 2. c4 dxc4 3. e4 e5 4. d5 Qh4 5. Nc3 Bc5 6. g3 Qf6 7. Qc2 Qa6 8. b3 b5
9. bxc4 bxc4 10. Bd2 Qf6 11. Bc1 Ba6 12. Be3 Nd7 13. Na4 Bxe3 14. fxe3 Qd6 15.
Rc1 Qa3 16. Kf2 Ngf6 17. Kf3 Bb5 18. Nc3 a6 19. Nb1 Qa5 20. Bxc4 O-O 21. Ne2
Nb6 22. Bxb5 axb5 23. Qxc7 Nc4 24. Qxa5 Rxa5 25. a3 h5 26. h3 Nh7 27. Nec3 Ng5+
28. Kg2 Nxe3+ 29. Kf2 Nc4 30. h4 Nh7 31. Nxb5 Rxb5 32. Rxc4 f5 33. Ke3 Nf6 34.
Nc3 Rb3 35. Rb1 Rxa3 36. Kd2 fxe4 37. Nxe4 Nxd5 38. Rb7 Rd8 39. Ke2 Ra2+ 40.
Ke1 Ne3 41. Rc1 Rf8 42. Nd2 Nc2+ 43. Ke2 Rc8 44. Kf2 e4 45. Re7 e3+ 46. Rxe3
Rf8+ 47. Rf3 Rxf3+ 48. Nxf3 1/2-1/2

[Event "?"]
[Site "?"]
[Date "????.??.??"]
[Round "?"]
[White "Portsch, C."]
[Black "Waldmann, D."]
[Result "0-1"]
[WhiteElo "1588"]
[BlackElo "1452"]
[PlyCount "70"]
[EventDate "2013.??.??"]
[WhiteTeam "Chemie Radebeul"]
[BlackTeam "BSW/DBAG 5"]

1. d4 Nf6 2. c4 e6 3. Nc3 Bb4 4. a3 Bxc3+ 5. bxc3 c5 6. e3 d6 7. Nf3 b6 8. Be2
Bb7 9. O-O Nbd7 10. Qc2 Qc7 11. Bb2 O-O 12. Rfe1 e5 13. d5 e4 14. Nd2 Rfe8 15.
f4 exf3 16. Bxf3 Ne5 17. Re2 a5 18. Be4 Nxc4 19. Bxh7+ Nxh7 20. Nxc4 Bxd5 21.
Nd2 Bc6 22. c4 Re6 23. Rf1 f6 24. Rf4 d5 25. cxd5 Bxd5 26. Rh4 Ng5 27. Nf3 Bxf3
28. Rf2 Be4 29. Qc4 Qc6 30. Rg4 a4 31. Qc3 Qd5 32. h4 Qd1+ 33. Kh2 Qxg4 34.
hxg5 Qxg5 35. g3 Qh5+ 0-1

[Event "?"]
[Site "?"]
[Date "????.??.??"]
[Round "?"]
[White "Wicklund-Hansen, R."]
[Black "Kempe, R."]
[Result "0-1"]
[WhiteElo "1864"]
[BlackElo "1885"]
[PlyCount "56"]
[EventDate "2013.??.??"]
[WhiteTeam "Norwegen 3"]
[BlackTeam "VS Seniorenschachklub DD"]

1. e4 c5 2. Nf3 e6 3. d3 Nc6 4. g3 Be7 5. Bg2 d6 6. Nbd2 Nf6 7. O-O O-O 8. h3
Qc7 9. a4 h6 10. Nc4 Rd8 11. Re1 e5 12. Nh2 Be6 13. Ne3 Qd7 14. g4 d5 15. Nf5
dxe4 16. Nxe7+ Qxe7 17. Bxe4 Nxe4 18. Rxe4 c4 19. Nf3 f5 20. gxf5 Bxf5 21. Rxc4
Bxh3 22. Kh2 Be6 23. Re4 Bd5 24. Re3 Qf6 25. Qe2 Qf4+ 26. Kg1 Qg4+ 27. Kf1 Rf8
28. Ng1 Qg2+ 0-1

[Event "?"]
[Site "?"]
[Date "????.??.??"]
[Round "?"]
[White "Kothe, H."]
[Black "Birkestrand, O."]
[Result "1/2-1/2"]
[WhiteElo "1754"]
[BlackElo "1823"]
[PlyCount "30"]
[EventDate "2013.??.??"]
[WhiteTeam "VS Seniorenschachklub DD"]
[BlackTeam "Norwegen 3"]

1. e4 e5 2. Nf3 Nc6 3. Bb5 d6 4. d4 Bd7 5. Nc3 Nf6 6. h3 Be7 7. O-O O-O 8. Be3
a6 9. Be2 exd4 10. Nxd4 h6 11. Qd2 Nxd4 12. Bxd4 Bc6 13. Bf3 Nh7 14. Bg4 Nf6
15. Bf3 Nh7 1/2-1/2